Concurso Uniagustiniano de cuentos cortos : primera versión /

Bibliographic Details
Main Author: Parada Suárez, Eddy Santiago (Author)
Format: Electronic eBook
Language:Spanish
Published: Bogotá : Editorial Uniagustiniana, 2017.
Series:Colección Creación artística y cultural (Editorial Uniagustiniana)
Subjects:
Online Access:Digitalia Hispánica

MARC

LEADER 00000nam a2200000Ii 4500
001 DIGUAGANA0001
003 NyNyDIG
006 m o d
007 cr |||||||||||
008 241206s2017 ck o 000 j spa d
035 |a (OCoLC)1479208542 
040 |a DGITA  |b eng  |e rda  |e pn  |c DGITA 
020 |a 9789585639553  |q (digital) 
020 |z 9789585639546  |q (impreso) 
050 1 4 |a PQ8176 ebook 
245 0 0 |a Concurso Uniagustiniano de cuentos cortos :  |b primera versión /  |c Eddy Santiago Parada Suárez [and 12 others]. 
264 1 |a Bogotá :  |b Editorial Uniagustiniana,  |c 2017. 
300 |a 1 online resource. 
336 |a text  |b txt  |2 rdacontent 
337 |a computer  |b c  |2 rdamedia 
338 |a online resource  |b cr  |2 rdacarrier 
347 |a text file  |2 rdaft 
347 |b PDF 
490 1 |a Colección Creación artística y cultural 
588 0 |a Online resource; title from PDF title page (Digitalia, viewed December 6, 2024) 
655 7 |a Short stories.  |2 lcgft 
700 1 |a Parada Suárez, Eddy Santiago,  |e author. 
776 0 8 |i Print version:  |t Concurso Uniagustiniano de cuentos cortos.  |d Bogotá : Editorial Uniagustiniana, 2017  |z 9789585639546 
791 2 |a Digitalia (Firm),  |e distributor. 
793 0 |g Digitalia eBook Collection:  |a Editorial Uniagustiniana 
830 0 |a Colección Creación artística y cultural (Editorial Uniagustiniana) 
856 4 0 |3 Digitalia Hispánica  |u https://www.digitaliapublishing.com/a/162790/ 
910 |a Premium collection: 2024